| 000 | 00432cam a2200181ua 4500 | ||
|---|---|---|---|
| 020 | _c6.00 | ||
| 041 |
_amal _h |
||
| 082 |
_a894.81209 _bCHU/PA |
||
| 100 | _aChummar, T M . | ||
| 245 |
_aPadyasahithyacharithram / _cT M Chummar. _hTextual Documents |
||
| 250 |
_a1 / _b. |
||
| 260 |
_aErnamkulam : _bChummar T M , _c1960. |
||
| 300 | _a429 ; . | ||
| 365 | _a6.00 | ||
| 504 | _a | ||
| 942 | _cBK | ||
| 999 |
_c12819 _d12819 |
||